Фильмы после 2019 года - Армагеддон - Statistics

General Stats
  • This quiz has been taken 51 times
  • The average score is 3 of 20
Answers on the Grid
Answers color-coded by a green-red scale on the quiz's grid according to % correct below.
Чужой: Ромул
Бартон Финк
Субстанция
Не смотрите наверх
Треугольник печали
Маяк
Омерзительная восьмёрка
Довод
Всё везде и сразу
Однажды в Голливуде
Фаворитка
Неоновый демон
RRR
Орёл Девятого легиона
Нелюбовь
Знамение
В паутине
Сплит
Богемская рапсодия
Фуриоса
Бедные-несчастные
Капитан Волконогов бежал
Паразиты
Власть
Хороший год
Джокер
Барби
Другой человек
Невыносимая тяжесть огромного таланта
Вавилон
Последняя битва
Форд против Феррари
Анора
Дворец
Кредо убийцы
Власть пса
Коматозники
Цвет из иных миров
Матрица: Воскрешение
Стук в дверь
 
Answer Stats
Answer % Correct
Субстанция
69%
Чужой: Ромул
41%
Не смотрите наверх
36%
Барби
36%
Довод
23%
Всё везде и сразу
21%
Анора
21%
Треугольник печали
13%
RRR
13%
Фуриоса
10%
Бедные-несчастные
10%
Матрица: Воскрешение
10%
Невыносимая тяжесть огромного таланта
8%
Вавилон
8%
В паутине
5%
Капитан Волконогов бежал
3%
Другой человек
3%
Дворец
3%
Власть пса
3%
Стук в дверь
3%
No matching quizzes found
Score Distribution
Percent of People with Each Score
Percentile by Number Answered
Your Score History
You have not taken this quiz